Statistiken für Top 15 Länder mit Covid-19-Todesfällen - 2. März 2021

Klicken Sie hier um das Quiz zu spielen!

Allgemein

  • Dieses Quiz wurde 13 mal gespielt
  • Das Durchschnittsergebnis liegt bei 17 aus 24

Antwortstatistiken

Land% Korrekt
Spanien
100%
Vereinigte Staaten
100%
Deutschland
92%
Italien
92%
Vereinigtes Königreich
92%
Brasilien
85%
Frankreich
85%
Mexiko
85%
Russland
85%
Indien
77%
Peru
77%
Belgien
69%
Kolumbien
69%
Portugal
69%
Südafrika
69%
Tschechien
69%
Argentinien
62%
Slowenien
62%
Iran
54%
Kroatien
46%
Bulgarien
38%
Ungarn
38%
Nordmazedonien
31%
Bosnien und
Herzegowina
23%

Verteilung der Resultate

Perzentil nach korrekt beantworteten Fragen

Anzahl Personen mit jedem Resultat

Ihre Resultats-Entwicklung

Sie haben dieses Quiz noch nicht gespielt